| 000 | 00512nam a2200157Ia 4500 | ||
|---|---|---|---|
| 008 | 220216s9999 xx 000 0 und d | ||
| 100 | _aAbdel-Bary E M | ||
| 245 | 0 | _aEffect of some sulphanilyl derivatives as antioxidants in natural rubber | |
| 260 | _bRubbercon 87: Proceedings of the International Rubber Conference, U.K, 1987, Group A, p10A. 1-10 | ||
| 650 | _aAntioxidants | ||
| 650 | _aNatural rubber | ||
| 650 | _aSulphanilyl derivatives | ||
| 700 | _aMakar S M | ||
| 700 | _aMousa A N | ||
| 942 | _cJS | ||
| 999 |
_c58146 _d58146 |
||